Democrat and diplomat : (Record no. 28096)
[ view plain ]
| 000 -LEADER | |
|---|---|
| fixed length control field | 01065cam a22003011 4500 |
| 001 - CONTROL NUMBER | |
| control field | 28096 |
| 003 - CONTROL NUMBER IDENTIFIER | |
| rucl marc code | BD-RjUL |
| 005 - DATE AND TIME OF LATEST TRANSACTION | |
| control field | 20211209051234.0 |
| 008 - FIXED-LENGTH DATA ELEMENTS--GENERAL INFORMATION | |
| fixed length control field | 140329s1968 nyuc b 001 0beng |
| 035 ## - SYSTEM CONTROL NUMBER | |
| System control number | (BD-RjUL)28177 |
| 040 ## - CATALOGING SOURCE | |
| Original cataloging agency | DLC |
| Transcribing agency | DLC |
| Modifying agency | DLC |
| -- | BD-RjUL |
| Language of cataloging | eng |
| 041 ## - LANGUAGE CODE | |
| Language code of text/sound track or separate title | eng |
| 082 00 - DEWEY DECIMAL CLASSIFICATION NUMBER | |
| Classification number | 973.9170924 |
| Author mark and year | DAD 1968 |
| 100 1# - MAIN ENTRY--PERSONAL NAME | |
| Personal name | Dallek, Robert. |
| 9 (RLIN) | 86134 |
| 245 10 - TITLE STATEMENT | |
| Title | Democrat and diplomat : |
| Remainder of title | the life of William E. Dodd / |
| Statement of responsibility, etc. | Robert Dallek. |
| 260 ## - PUBLICATION, DISTRIBUTION, ETC. (IMPRINT) | |
| Place of publication, distribution, etc. | New York : |
| Name of publisher, distributor, etc. | Oxford University Press, |
| Date of publication, distribution, etc. | c1968. |
| 300 ## - PHYSICAL DESCRIPTION | |
| Pagination | ix, 415 p. : |
| Illustrations | port. ; |
| Size | 22 cm. |
| 504 ## - BIBLIOGRAPHY, ETC. NOTE | |
| Bibliography, etc | Includes bibliographical references & Index. |
| 600 10 - SUBJECT ADDED ENTRY--PERSONAL NAME | |
| Personal name | Dodd, William Edward, |
| Dates associated with a name | 1869-1940. |
| 650 #0 - SUBJECT ADDED ENTRY--TOPICAL TERM | |
| Topical term or geographic name as entry element | Diplomats |
| Geographic subdivision | United States |
| Form subdivision | Biography. |
| 9 (RLIN) | 72658 |
| 651 #0 - SUBJECT ADDED ENTRY--GEOGRAPHIC NAME | |
| Geographic name | United States |
| General subdivision | Foreign relations |
| Geographic subdivision | Germany. |
| 9 (RLIN) | 86136 |
| Geographic name | Germany |
| General subdivision | Foreign relations |
| Geographic subdivision | United States. |
| 9 (RLIN) | 86137 |
| Geographic name | United States |
| General subdivision | Foreign relations |
| Chronological subdivision | 1933-1945. |
| 9 (RLIN) | 6653 |
| Geographic name | Germany |
| General subdivision | Politics and government |
| Chronological subdivision | 1933-1945. |
| 9 (RLIN) | 12334 |
| 942 ## - ADDED ENTRY ELEMENTS (KOHA) | |
| Source of classification or shelving scheme | Dewey Decimal Classification |
| Koha item type | Books |
| Lost status | Source of classification or shelving scheme | Damaged status | Not for loan | Collection code | Permanent Location | Current Location | Shelving location | Date acquired | Source of acquisition | Cost, normal purchase price | Total Checkouts | Full call number | Date last seen | Copy number | Koha item type |
|---|---|---|---|---|---|---|---|---|---|---|---|---|---|---|---|
| Dewey Decimal Classification | Added to bundle | Non-fiction | Central Library, University of Rajshahi | Central Library, University of Rajshahi | Reading Room | 02/07/1974 | Euro-Bangladesh New Agency. | 97.50 | 973.9170924 DAD 1968 | 29/03/2014 | C-1 | Books |